Find the number! - Category Elimination Style - Statistics

General Stats
  • This quiz has been taken 2,890 times
  • The average score is 8 of 10
Answer Stats
Group # Category % Correct
Green 50 Numbers between 1 and 50
100%
Green 25 … which is an even number
100%
Green 10 ... which can be divided by 3 or 7
97%
Green 5 ... is a factor of 84
92%
Orange 50 Numbers between 1 and 50
80%
Orange 25 ... which is an odd number
79%
Orange 14 ... which is a prime number
76%
Orange 4 ... whose last digit is 7
73%
Orange 1 ... and is closer to 7x7 47
55%
Green 1 ... and is the atomic number for the element Silicon 14
53%
No matching quizzes found
Score Distribution
Percent of People with Each Score
Percentile by Number Answered
Your Score History
You have not taken this quiz